16 Greatest Goalies in NHL Post-Expansion History - Statistics

General Stats
  • This quiz has been taken 151 times
  • The average score is 12 of 16
Answer Stats
# Team Goaltender % Correct
1 Devils Martin Brodeur
100%
3 Sabres Dominik Hašek
95%
12 Penguins Marc-André Fleury
94%
2 Canadiens Patrick Roy
94%
13 Canadiens Carey Price
93%
10 Rangers Henrik Lundqvist
86%
6 Oilers Grant Fuhr
83%
11 Panthers Roberto Luongo
76%
16 Bruins Tim Thomas
71%
5 Black Hawks Tony Esposito
71%
9 Islanders Billy Smith
69%
8 Blackhawks Ed Belfour
69%
4 Canadiens Ken Dryden
69%
7 Flyers Bernie Parent
57%
14 Blues Curtis Joseph
50%
15 Kings Rogie Vachon
30%
No matching quizzes found
Score Distribution
Percent of People with Each Score
Percentile by Number Answered
Your Score History
You have not taken this quiz